[Event "Milan Epiphany op"]
[Site "Milan"]
[Date "2010.01.05"]
[Round "5"]
[White "Paganini, Andrea"]
[Black "Parenti, Davide"]
[Result "1-0"]
[WhiteElo "1771"]
[BlackElo "2037"]
[PlyCount "105"]
[EventDate "2010.01.02"]
[EventType "swiss"]
[EventRounds "7"]
[EventCountry "ITA"]
[SourceTitle "EXT 2024"]
[Source "ChessBase"]
[SourceDate "2023.10.10"]
[SourceVersion "1"]
[SourceVersionDate "2023.10.10"]
[SourceQuality "1"]

1. e4 e5 2. Nf3 Nc6 3. Bc4 Bc5 4. c3 Nf6 5. d4 exd4 6. e5 d5 7. Bb5 Ne4 8. cxd4 Bb4+ 9. Nbd2 0-0 10. 0-0 Bg4 11. Bxc6 bxc6 12. Qc2 Nxd2 13. Nxd2 Qd7 14. Nb3 Bf5 15. Qe2 Rfe8 16. Bd2 Bf8 17. Rac1 Rab8 18. Qa6 Rb6 19. Qxa7 Bd3 20. Rfe1 Ra6 21. Nc5 Bxc5 22. Qxc5 Rxa2 23. Qxc6 Qxc6 24. Rxc6 Rxb2 25. Ba5 Ra8 26. Rxc7 h6 27. Rc5 Bc4 28. f4 Ra2 29. Bc7 Rd2 30. f5 Raa2 31. e6 fxe6 32. fxe6 Rxg2+ 33. Kh1 Rge2 34. Rxe2 Rxe2 35. Be5 Kf8 36. Bd6+ Kg8 37. Rc8+ Kh7 38. e7 Bb5 39. Be5 g5 40. e8Q Bxe8 41. Rxe8 Kg6 42. Kg1 h5 43. Kf1 Rb2 44. Rb8 Ra2 45. Rb5 Kf5 46. Rxd5 Ke4 47. Rb5 Ra1+ 48. Ke2 Ra2+ 49. Kd1 h4 50. Rb8 g4 51. Rh8 Kd3 52. Kc1 Re2 53. Rxh4 1-0

[Event "Porto San Giorgio op-A 21st"]
[Site "Porto San Giorgio"]
[Date "2009.08.28"]
[Round "8"]
[White "Fierro Baquero, Martha Lorena"]
[Black "Parenti, Davide"]
[Result "1-0"]
[WhiteElo "2394"]
[BlackElo "2037"]
[PlyCount "121"]
[EventDate "2009.08.21"]
[EventType "swiss"]
[EventRounds "9"]
[EventCountry "ITA"]
[SourceTitle "CBM 131 Extra"]
[Source "ChessBase"]
[SourceDate "2009.09.03"]
[SourceVersion "2"]
[SourceVersionDate "2009.09.16"]
[SourceQuality "1"]

1. e4 d5 2. exd5 Nf6 3. Nf3 Nxd5 4. d4 Bg4 5. h3 Bh5 6. Be2 e6 7. Ne5 Bxe2 8. Qxe2 c6 9. 0-0 Be7 10. c4 Nb6 11. Be3 0-0 12. Nc3 N8d7 13. Rad1 Qe8 14. Rfe1 Bb4 15. Bd2 Rd8 16. Nd3 Bxc3 17. Bxc3 Nxc4 18. Bb4 Nf6 19. Bxf8 Qxf8 20. Ne5 Nd6 21. Ng4 Nfe8 22. Rd3 Nf5 23. Red1 Nc7 24. Qe5 Nb5 25. Ne3 Ne7 26. Qc5 Nc8 27. a4 Nbd6 28. Rb3 Rd7 29. Rbd3 Ne4 30. Qe5 Nf6 31. Ng4 Nxg4 32. hxg4 Nb6 33. b3 Qd8 34. Rh3 Rd5 35. Qe4 g6 36. Qf4 Qf8 37. Qh2 Qd6 38. Qxd6 Rxd6 39. a5 Nc8 40. Kf1 Rd7 41. Ke2 Nd6 42. a6 b6 43. Rc3 Nb5 44. Rxc6 Nxd4+ 45. Kf1 e5 46. Rc8+ Kg7 47. g5 f5 48. Rdc1 Nb5 49. Rb8 Kf7 50. Rb7 Ke7 51. Rc8 Kd6 52. Rxd7+ Kxd7 53. Rh8 Kc6 54. Rxh7 Nc7 55. Rg7 Nxa6 56. Rxg6+ Kd5 57. Rg7 Nc5 58. Rxa7 Nxb3 59. g6 Nd2+ 60. Ke2 Ne4 61. g7 1-0

[Event "Robecchetto op-A 19th"]
[Site "Robecchetto"]
[Date "2008.12.28"]
[Round "3"]
[White "Marguerettaz, Davy"]
[Black "Parenti, Davide"]
[Result "0-1"]
[WhiteElo "2020"]
[BlackElo "2052"]
[PlyCount "74"]
[EventDate "2008.12.27"]
[EventType "swiss"]
[EventRounds "6"]
[EventCountry "ITA"]
[SourceTitle "EXT 2011"]
[Source "ChessBase"]
[SourceDate "2010.11.26"]
[SourceVersion "1"]
[SourceVersionDate "2010.11.26"]
[SourceQuality "1"]

1. d4 Nf6 2. c4 e6 3. Nc3 d5 4. Bg5 Be7 5. cxd5 exd5 6. e3 0-0 7. Bd3 c6 8. Qc2 Nbd7 9. Nge2 Re8 10. 0-0-0 Nf8 11. f3 Qa5 12. Kb1 b5 13. g4 Nxg4 14. Bxe7 Nxe3 15. Qd2 Nxd1 16. Rxd1 b4 17. Bxf8 bxc3 18. Qg5 Rxf8 19. Rg1 g6 20. Qh6 Qb4 21. b3 Qa3 22. Nxc3 Qe7 23. Ne2 Qf6 24. Nf4 Bf5 25. Bxf5 Qxf5+ 26. Kc1 Qf6 27. h4 Qxd4 28. Rg4 Qc3+ 29. Kb1 Rae8 30. Rg1 Re1+ 31. Rxe1 Qxe1+ 32. Kc2 Re8 33. h5 Qf2+ 34. Kc3 Qxf3+ 35. Kb4 Re4+ 36. Kc5 Qxf4 37. Qxf4 Rxf4 0-1

[Event "Robecchetto op-A 19th"]
[Site "Robecchetto"]
[Date "2008.12.27"]
[Round "1"]
[White "Pepa, Syrja"]
[Black "Parenti, Davide"]
[Result "1/2-1/2"]
[WhiteElo "1842"]
[BlackElo "2052"]
[PlyCount "68"]
[EventDate "2008.12.27"]
[EventType "swiss"]
[EventRounds "6"]
[EventCountry "ITA"]
[SourceTitle "EXT 2011"]
[Source "ChessBase"]
[SourceDate "2010.11.26"]
[SourceVersion "1"]
[SourceVersionDate "2010.11.26"]
[SourceQuality "1"]

1. e4 d5 2. exd5 Nf6 3. Nc3 Nxd5 4. Bc4 Nb6 5. Bb3 Nc6 6. Qf3 e6 7. Nge2 Be7 8. d3 0-0 9. Be3 Bd7 10. Ng3 Na5 11. 0-0 Nxb3 12. axb3 Bc6 13. Qg4 f5 14. Qe2 Bd7 15. f4 Bd6 16. Bd4 c5 17. Be5 Qc7 18. Rae1 Rae8 19. Qh5 Bxe5 20. fxe5 Bc6 21. Rf4 Qf7 22. Qxf7+ Rxf7 23. Nh5 Rd8 24. Re3 Nd5 25. Nxd5 Rxd5 26. h4 Be8 27. Ng3 Rc7 28. Ne2 b5 29. c4 Rd8 30. d4 bxc4 31. bxc4 cxd4 32. Rxd4 Rxd4 33. Nxd4 Rxc4 34. Nxe6 Re4 1/2-1/2

[Event "Ceriano Laghetto op-B 17th"]
[Site "Ceriano Laghetto"]
[Date "2008.03.29"]
[Round "2"]
[White "Parenti, Davide"]
[Black "D'Apa, Massimo"]
[Result "1-0"]
[WhiteElo "1901"]
[BlackElo "1809"]
[PlyCount "92"]
[EventDate "2008.03.28"]
[EventType "swiss"]
[EventRounds "5"]
[EventCountry "ITA"]
[SourceTitle "EXT 2011"]
[Source "ChessBase"]
[SourceDate "2010.11.26"]
[SourceVersion "1"]
[SourceVersionDate "2010.11.26"]
[SourceQuality "1"]

1. d4 Nf6 2. Nf3 g6 3. c3 Bg7 4. Bf4 d6 5. e3 Nbd7 6. Bc4 d5 7. Bd3 0-0 8. 0-0 Nh5 9. Bg5 f6 10. Bh4 g5 11. Bxg5 fxg5 12. Nxg5 Ndf6 13. Nxh7 Nxh7 14. Qxh5 Nf6 15. Qg6 Bg4 16. f3 Bh5 17. Qg5 Kh8 18. Qh4 Rg8 19. Bg6 Bh6 20. Bxh5 Nxh5 21. Qxh5 Qd6 22. f4 Qe6 23. Rf3 Rg7 24. Nd2 Rag8 25. g3 Qb6 26. b3 Rh7 27. Qxd5 Bg7 28. Rf2 Qg6 29. Qf3 Bf6 30. Ne4 Bh4 31. Rg2 Rhg7 32. Rd1 Qc6 33. d5 Qb6 34. Rdd2 Bf6 35. Nxf6 exf6 36. Qe4 Qd6 37. c4 Qa3 38. Qd3 Rd8 39. Qc3 a5 40. Rd1 Rf7 41. Kh1 c6 42. Rgd2 c5 43. d6 Rdd7 44. e4 b6 45. e5 fxe5 46. fxe5 Rd8 1-0

[Event "Ceriano Laghetto Inverno op"]
[Site "Ceriano Laghetto"]
[Date "2007.01.16"]
[Round "2"]
[White "Cervini, Gian Piero"]
[Black "Parenti, Davide"]
[Result "0-1"]
[WhiteElo "1792"]
[BlackElo "1901"]
[PlyCount "66"]
[EventDate "2007.01.09"]
[EventType "swiss"]
[EventRounds "6"]
[EventCountry "ITA"]
[SourceTitle "EXT 2008"]
[Source "ChessBase"]
[SourceDate "2007.11.25"]
[SourceVersion "1"]
[SourceVersionDate "2007.11.25"]
[SourceQuality "1"]

1. e4 d5 2. exd5 Nf6 3. d4 Nxd5 4. c4 Nb6 5. Nf3 Bg4 6. c5 Bxf3 7. Qxf3 Nd5 8. Bc4 e6 9. Nc3 c6 10. 0-0 Be7 11. a3 Nd7 12. b4 Nxc3 13. Qxc3 0-0 14. f4 Bf6 15. Bb2 Qc7 16. Qh3 Rfd8 17. Rae1 b6 18. f5 e5 19. d5 bxc5 20. dxc6 Qxc6 21. Qb3 cxb4 22. Bxf7+ Kh8 23. Rf3 Qb6+ 24. Kh1 Nc5 25. Qe3 Nd3 26. Rh3 Nf2+ 27. Kg1 Nxh3+ 28. gxh3 Qxe3+ 29. Rxe3 Rd1+ 30. Kf2 Rd2+ 31. Re2 Rxe2+ 32. Kxe2 Rc8 33. Bb3 bxa3 0-1

[Event "Ceriano Laghetto op-B 15th"]
[Site "Ceriano Laghetto"]
[Date "2006.04.02"]
[Round "5"]
[White "Bettini, Massimo"]
[Black "Parenti, Davide"]
[Result "0-1"]
[WhiteElo "1916"]
[BlackElo "1856"]
[PlyCount "54"]
[EventDate "2006.03.31"]
[EventType "swiss"]
[EventRounds "5"]
[EventCountry "ITA"]
[SourceTitle "EXT 2011"]
[Source "ChessBase"]
[SourceDate "2010.11.26"]
[SourceVersion "1"]
[SourceVersionDate "2010.11.26"]
[SourceQuality "1"]

1. e4 d5 2. exd5 Nf6 3. d4 Nxd5 4. c4 Nb6 5. Nf3 Bg4 6. Bf4 e6 7. Be2 Bd6 8. Qd2 Bxf3 9. gxf3 Bxf4 10. Qxf4 Qd6 11. Qd2 c5 12. dxc5 Qxc5 13. Rg1 0-0 14. Qc3 e5 15. f4 Nc6 16. Qg3 g6 17. f5 Nd4 18. Bd3 e4 19. Bxe4 Rfe8 20. Nd2 Nxf5 21. Qg5 Re5 22. 0-0-0 Nxc4 23. Nb3 Qxf2 24. Qg2 Qe3+ 25. Nd2 Nxd2 26. Rge1 Rc8+ 27. Bc2 Rxc2+ 0-1